000 00571cam a22002053a 4500
001 44359
003 PGUSA
005 20140828084019.0
008 131205s2013||||xxu|||||s|||||000 | eng d
040 _aPGUSA
_beng
042 _adc
100 1 _aQuillard, Pierre
245 1 0 _aLa lyre héroïque et dolente
_h[electronic resource] /
_cPierre Quillard
260 _bProject Gutenberg,
_c2013
506 _aPublic domain in the USA.
516 _aElectronic text
830 0 _aProject Gutenberg
_v44359
856 4 0 _uhttp://www.gutenberg.org/ebooks/44359
942 _cEB
999 _c273610
_d273610